Регионална библиотека "Любен Каравелов" - Русе

[Четиридесет и една] 41 лекции по математика за зрелостници и кандидат-студенти (Запис номер 60881)

MARC детайли
000 -Лидер
Контролно поле с фиксирана дължина 01808nam a2200349 c 4500
003 - Код на организацията, давaща контролен номер
Контролно поле BLK
005 - Дата и час на последна редакция
Контролно поле 20180420223019.0
008 - Елементи от данни с фиксирана дължина
fixed length control field 180408b bul|||||r ||||||| ||bul||
010 ## - Наследен системен номер
LC control number KNG00065069000
020 ## - Международен стандартен номер на книга ISBN
Международен стандартен номер на книга ISBN 954-02-0003-2
-- издат.: Наука и изкуство - (многотомно изд.)
020 ## - Международен стандартен номер на книга ISBN
Международен стандартен номер на книга ISBN 954-02-0005-9
-- издат.: Наука и изкуство - на том
040 ## - Източник на каталожния запис
Идентификатор на билиотеката - собственик на записа BLK
041 ## - Код за език
Код за езика на текст/звукозапис или на отделно заглавие Български
Код за езика КДБФ Български
080 ## - УДК
Текстов определител УДК Математика
УДК код - определител по УДК 51
УДК определител (075.4)
УДК - код + определител 51(075.4)
080 ## - УДК
Текстов определител УДК Геометрия. Топология вж 515.1
УДК код - определител по УДК 514
УДК определител (075.4)
УДК - код + определител 514(075.4)
139 ## - Редно поле
Редна дума [Четиридесет и една] 41 лекции по математика за зрелостници и кандидат-студенти
Авторски знак Чет - Ч 75
245 10 - Сведения за заглавието
Заглавие [Четиридесет и една] 41 лекции по математика за зрелостници и кандидат-студенти
Подзаглавни данни Кн. 1 - За том: Лекции 4 - 5
Том Кн. 2
Заглавие на том Триъгълник и окръжност - начални сведения
257 ## - Страна на издаване
Страна на създаване/издаване България
260 ## - Област на издателските данни
-- София
Година на издаване 1991 -
300 ## - Физическа характеристика
Размери/Мащаб 22 см
380 ## - Жанр
Жанр Естествени науки. Математика
500 ## - Общи забележки
Забележка СПЕЦ. ФОНД - Ч
650 #4 - Допълнително описание по предмет – тема
Основно описание – тема или топоним Геометрия
9 (RLIN) 151948
653 ## - Ключова дума – ненормативна
Ключова дума геометрия
653 ## - Ключова дума – ненормативна
Ключова дума учебни помагала
760 1# - Описание на основната серия
-- - (многотомно изд.)
Място на издаване, издател и година Наука и изкуство, 1991
Страници - том 32 с. : с черт., 22 см
Забележка - том Други авт. Б. Лазаров, И. Трендафилов, Й. Табов, П. Кошлуков. - 10 070 тир.
Заглавие Кн. 2 Триъгълник и окръжност - начални сведения
852 ## - Местоположение
Форматна сигнатура Цб 167596
856 4# - Електронен адрес и достъп
Електронен формат pdf - файл
Път до файла /url/
856 4# - Електронен адрес и достъп
Електронен формат pdf - файл
Път до файла /url/
942 ## - АРТИКУЛИ
Вид на библиотечния материал Книги
Скрит в OPAC Не
944 ## - СЪЗДАВАНЕ И РЕДАКЦИЯ на ЗАПИСА
Създаване/Редакция Създаване
Дата на регистрацията/редакция 13.06.2004
Служител, извършил регистрацията/редакцията Читалня
944 ## - СЪЗДАВАНЕ И РЕДАКЦИЯ на ЗАПИСА
Създаване/Редакция Редакция
Дата на регистрацията/редакция 22.10.2015
Служител, извършил регистрацията/редакцията Радостина_Карадакова
999 ## - СИСТЕМНИ КОНТРОЛНИ НОМЕРА
Koha biblionumber 60881
Koha biblioitemnumber 60881
Наличности
Код за отписване Код за изгубен артикул Източник на класификационната схема Код за повреда Коз за рестрикции Код за отдаване Артикулен № Име на библиотеката - собственик Име на библиотеката, в която се намира в момента Статус (Текущо местоположение) Дата на вписване в системата Местоположение - отдел Цена в лева Инвентарен номер Систематично азбучна сигнатура Баркод Номер на екземпляра Цена в евро Служебна бележка Служебен тип на артикула
Изтеглен Не е изгубен Universal Decimal Classification Не е повреден без рестрикции заемане за дома 100334 Регионална библиотека "Любен Каравелов" Русе Регионална библиотека "Любен Каравелов" Русе Заемна - подръчен фонд 1991-01-01 Заемна - подръчен фонд 5.00 566726 П 51/Ч 75 566726 1 2.56 N: стар фонд Дата: 01.01.1991 Книги
Изтеглен Не е изгубен Universal Decimal Classification Не е повреден без рестрикции заемане за дома 100335 Регионална библиотека "Любен Каравелов" Русе Регионална библиотека "Любен Каравелов" Русе Заемна - подръчен фонд 1991-01-01 Заемна - подръчен фонд 5.00 566728 П 51/Ч 75 566728 2 2.56 N: стар фонд Дата: 01.01.1991 Книги
  Не е изгубен Universal Decimal Classification Не е повреден без рестрикции ползва се в читалня 100336 Регионална библиотека "Любен Каравелов" Русе Регионална библиотека "Любен Каравелов" Русе Хранилище 1991-01-01 Хранилище 0.00 564696 Цб 167596 120000564696 3 0.00 N: стар фонд Дата: 01.01.1991 Книги
Vip Innovations Ltd, Rousse, Bulgaria 2025